Detalles MARC
| 000 -LIDER |
| fixed length control field |
00863nam a2200289 b 4500 |
| 003 - IDENTIFICACDOR DE NÚMERO DE CONTROL |
| control field |
DO-SdBNP |
| 005 - DATE AND TIME OF LATEST TRANSACTION |
| control field |
20180124100750.0 |
| 007 - CAMPOS FIJOS DE DESCRIPCIÓN FÍSICA |
| fixed length control field |
0038 |
| 008 - ELEMENTOS DE LONGITUD FIJA |
| fixed length control field |
180124b pr 1982 |||| 00| 0 spa d |
| 016 ## - NO. DE CONTROL DE LA AGENCIA BIB. NACIONAL |
| Record control number |
|
| 020 ## - ISBN |
| International Standard Book Number |
0847735036 |
| 035 ## - NÚMERO LOCAL |
| System control number |
|
| 040 ## - FUENTE DE CATALOGACIÓN |
| Agencia que crea de manera original el registro |
BPMSU |
| Idioma de catalogación |
spa |
| Agencia que realiza la transcripción |
BPMSU |
| Convenciones de la despripción |
|
| 041 1# - CÓDIGOS DE OBRAS TRADUCIDAS O EN VARIOS IDIOMAS |
| Código del idioma del texto/archivo de sonido o separata |
spa |
| Cód. del idioma original y/o traducciones intermedias del texto |
|
| 080 ## - NÚMERO DE CLASIFICACIÓN DECIMAL UNIVERSAL |
| Universal Decimal Classification number |
|
| 082 ## - NÚMERO DE CLASIFICACIÓN DECIMAL DE DEWEY |
| Classification number |
PR 860.9 |
| Item number |
C566e |
| Edition number |
|
| 100 1# - ASIENTO PRINCIPAL -- NOMBRE PERSONAL |
| Nombre personal |
Ciarlo, Héctor Oscar. |
| Fechas asociadas con el nombre |
|
| 245 13 - MENCIÓN DE TITULO |
| Título |
El escritor y su obra : |
| Subtítulo |
al encuentro de Concha Meléndez y otros ensayos / |
| Mención de responsabilidad |
Héctor O. Ciarlo |
| Medio (Designación general de material) |
|
| 260 ## - PUBLICACIÓN, DISTRIBUCIÓN, ETC. (PIE DE IMPRENTA) |
| Lugar de publicación, distribución, etc |
Río Piedras, P.R. : |
| Nombre del editor, distribuidor, etc. |
Universidad de Puerto Rico ; |
| Fecha de publicación, distribución, etc |
1982. |
| 300 ## - DESCRIPCIÓN FÍSICA |
| Extensión |
138 p. ; |
| Dimensiones |
21 cm. |
| 600 17 - ENCABEZAMIENTO DE MATERIA--NOMBRE PERSONAL |
| Nombre personal |
Meléndez, Concha, |
| Fechas asociadas con el nombre |
1895-1983. |
| Subdivisión de forma |
|
| Fuente del encabezado o término |
|
| 600 1# - ENCABEZAMIENTO DE MATERIA--NOMBRE PERSONAL |
| Nombre personal |
MORALES, JORGE LUIS |
| Subdivisión temática general |
CRÍTICA E INTERPRETACIÓN |
| 650 ## - ENCABEZAMIENTO DE MATERIA--TEMÁTICO |
| Fuente del encabezamiento o término |
|
| 942 ## - ADDED ENTRY ELEMENTS (KOHA) |
| Source of classification or shelving scheme |
Dewey Decimal Classification |
| Koha item type |
Libros |
| 945 ## - INFORMACIÓN DE PROCESAMIENTO LOCAL |
| Información de procesamiento local |
Inventariado, 2018 / BT |
| 956 ## - LOCAL ELECTRONIC LOCATION AND ACCESS (OCLC) |
| Nombre de host |
BTAVAREZ |
| Número de acceso |
10 |
| Información de compresión |
20180124 |
| Trayectoria |
0038 |